000 01811nam a2200397Ia 4500
001 ebr10455142
003 CaPaEBR
006 m u
007 cr cn|||||||||
008 100128s2010 ne abe sb 101 0 eng d
010 _z 2010002882
020 _z9789004183353
020 _z9004183353
040 _aCaPaEBR
_cCaPaEBR
035 _a(OCoLC)714866445
050 1 4 _aDT93
_b.T73 2010eb
082 0 4 _a932/.022
_222
245 0 0 _aTradition and transformation
_h[electronic resource] :
_bEgypt under Roman rule : proceedings of the international conference, Hildesheim, Roemer- and Pelizaeus-Museum, 3-6 July 2008 /
_cedited by Katja Lembke, Martina Minas-Nerpel, Stefan Pfeiffer.
260 _aLeiden ;
_aBoston :
_bBrill,
_c2010.
300 _axii, 508 p., 14 p. :
_bill. (some col.), maps, plans.
490 1 _aCulture and history of the ancient Near East,
_x1566-2055 ;
_vv. 41
504 _aIncludes bibliographical references and indexes.
533 _aElectronic reproduction.
_bPalo Alto, Calif. :
_cebrary,
_d2013.
_nAvailable via World Wide Web.
_nAccess may be limited to ebrary affiliated libraries.
546 _aArticles in English and German; one each in French and Italian.
650 0 _aRomans
_zEgypt
_vCongresses.
651 0 _aEgypt
_xHistory
_y30 B.C.-640 A.D.
_vCongresses.
651 0 _aEgypt
_xCivilization
_y332 B.C.-638 A.D.
_vCongresses.
651 0 _aEgypt
_xAntiquities, Roman
_vCongresses.
655 7 _aElectronic books.
_2local
700 1 _aLembke, Katja.
700 1 _aMinas-Nerpel, Martina.
700 1 _aPfeiffer, Stefan.
710 2 _aebrary, Inc.
830 0 _aCulture and history of the ancient Near East ;
_vv. 41.
856 4 0 _uhttp://site.ebrary.com/lib/rucke/Doc?id=10455142
_zAn electronic book accessible through the World Wide Web; click to view
999 _c226696
_d226696